Statistics for State Quiz - Texas

Click here to take the quiz!

General Stats

  • This quiz has been taken 23,302 times
    (9,620 since last reset)
  • The average score is 14 of 20

Answer Stats

HintAnswer% Correct
Most populous cityHouston
98%
Capital cityAustin
96%
The above city is home to this
agency's Mission Control
NASA
89%
River at the Mexican borderRio Grande
88%
Nickname of Texas{Lone} {Star} State
85%
"Remembered" San Antonio landmarkAlamo
83%
An average of 139 of these
strike Texas each year,
more than any other state
Tornadoes
80%
State sport of Texas... Yeehaw!Rodeo
78%
World's most valuable professional
sports franchise
Dallas Cowboys
75%
Dallas-Fort Worth airport codeDFW
73%
Westernmost cityEl Paso
73%
State cattle breedTexas {Longhorn}
67%
Of the six flags to fly over Texas,
which came first?
Spain
62%
June 19th holiday which
celebrates the end of slavery
Juneteenth
61%
"King of the Wild Frontier", who
died at the above
Davy Crockett
61%
Soda brand invented in WacoDr Pepper
60%
The only U.S. President that was both
born and raised in Texas
Lyndon B.
Johnson
55%
Largest oil companyExxonMobil
51%
Most valuable cash cropCotton
49%
River at the Oklahoma borderRed River
45%

Score Distribution

Percentile by Number Answered

Percent of People with Each Score

Your Score History

You have not taken this quiz since the last reset